Daniel Stern Filmography - Statistics

General Stats
  • This quiz has been taken 15 times
    8 since last reset
  • The average score is 16 of 88
Answer Stats
Type Year Name % Correct
Film 1990 Home Alone
86%
Film 1992 Home Alone 2: Lost in New York
86%
Film 1996 Celtic Pride
57%
Film 1995 Bushwhacked
43%
Film 1993 Rookie of the Year
43%
Film 1984 C.H.U.D.
29%
Film 1991 City Slickers
29%
Film 1994 City Slickers II: The Legend of Curly's Gold
29%
TV Show 2001 Danny
29%
TV Show 1999-2000 Dilbert
29%
Film 1982 Diner
29%
Film TBA Everything's Peachy
29%
TV Show 2009 Family Guy
29%
Web Series 2023-Present For All Mankind
29%
TV Show 2009 Monk
29%
TV Show 1988-1993 The Wonder Years
29%
Film 2012 A Christmas Story 2
14%
TV Show 2016 Angie Tribeca
14%
Film 1980 A Small Circle of Friends
14%
TV Film 2010 Battle of the Bulbs
14%
Documentary 2004 Behind the Mascot
14%
Film 1983 Blue Thunder
14%
Film 1987 Born in East L.A.
14%
Short Film 2010 Branches
14%
Film 1979 Breaking Away
14%
Short Film 2011 California Romanza
14%
Short Film 2017 City Slickers in Westworld
14%
TV Show 1986 Comedy Factory
14%
Film 1990 Coupe de Ville
14%
Film 1983 Daniel
14%
TV Film 2018 Dan the Weatherman
14%
Film 1988 D.O.A.
14%
Short Film 1984 Frankenweenie
14%
Film 1989 Friends, Lovers, & Lunatics
14%
Film 2018 Game Over, Man!
14%
Film 1983 Get Crazy
14%
TV Show 2013, 2015 Getting On
14%
TV Show 1997 Gun
14%
Film 1986 Hannah and Her Sisters
14%
TV Show 1998 Hey Arnold!
14%
TV Show 1985 Hometown
14%
Film 1981 Honky Tonk Freeway
14%
TV Show 2014 House of Lies
14%
Theater 1980 How I Got That Story
14%
Film 2000 How to Kill Your Neighbor's Dog
14%
Film 1982 I'm Dancing as Fast as I Can
14%
Film 1980 It's My Turn
14%
Film 2019 James vs. His Future Self
14%
Film 1985 Key Exchange
14%
Documentary 1992 Larry Bird: A Basketball Legend
14%
Film 1989 Leviathan
14%
Film 1989 Little Monsters
14%
Web Series 2017 Love
14%
TV Show 2014-2015 Manhattan
14%
Film 1990 My Blue Heaven
14%
Documentary Series 2007, 2013, 2014 Nature
14%
Film 2008 Otis
14%
TV Documentary 1998 Our Favorite Fun Food
14%
TV Documentary 1997 Our Favorite Toys
14%
TV Film 1999 Partners
14%
Short Film 2009 Red State Blues
14%
TV Show 2003 Regular Joe
14%
TV Film 1984 Samson and Delilah
14%
Web Series 2019-2021 Shrill
14%
Film 1980 Stardust Memories
14%
Film 1979 Starting Over
14%
TV Film 2015 Strange Calls
14%
Film 1986 The Boss' Wife
14%
TV Film 1990 The Court-Martial of Jackie Robinson
14%
Short Film 2004 The Last Full Measure
14%
Film 2006 The Last Time
14%
Film 1988 The Milagro Beanfield War
14%
Film 2010 The Next Three Days
14%
Theater 1976 The Old Glory
14%
Theater 2012-2013 The Other Place
14%
TV Film 1984 The Ratings Game
14%
TV Show 1991 The Simpsons
14%
TV Special 2022 The Unofficial Science of Home Alone
14%
TV Film 1998 Tourist Trap
14%
Theater 1982-1984 True West
14%
Film 2006 Vegas, Baby
14%
Film 1998 Very Bad Things
14%
Film 2001 Viva Las Nowhere
14%
TV Film 1988 Weekend War
14%
Film 2009 Whip It
14%
TV Show 2013 Workaholics
14%
Theater 2000 Dinner with Friends
0%
Theater 1978 Split
0%
No matching quizzes found
Score Distribution
Percent of People with Each Score
Percentile by Number Answered
Your Score History
You have not taken this quiz since the last reset